| 000 | 00697nam a2200253Ia 4500 | ||
|---|---|---|---|
| 003 | GCL | ||
| 008 | 140319s9999 xx 000 0 eng d | ||
| 040 |
_aGCL / _cGCL |
||
| 082 | 0 | 4 |
_aP _b332.1532 _bR H |
| 100 | 1 | _aRIBE, HELENA | |
| 245 | 1 | 0 |
_aHOW ADJUSTMENT PROGRAMS CAN HELP THE POOR: THE WORLD BANK'S EXPERIENCE / _cRIBE, HELENA |
| 700 | 1 | _aCARVALHO, SONIYA | |
| 700 | 1 | _aLIEBENTHAL, ROBERT | |
| 700 | 1 | _aNICHOLAS, PETER | |
| 700 | 1 | _aZUCKERMAN, ELAINE | |
| 260 |
_a[S.N] : _bTHE WORLD BANK ، _c1990 |
||
| 300 | _a49 P | ||
| 650 | 0 | 4 | _aPOINLING |
| 650 | 0 | 4 | _aWORLD BANK |
| 650 | 0 | 4 | _aLOANS |
| 650 | 0 | 4 | _aECONOMIC STABLIZATION |
| 650 | 0 | 4 | _aDEVELOPING COUNTRIES |
| 942 |
_2ddc _cCR |
||
| 999 |
_c25881 _d25881 |
||